Land Som Ligger Nærmest Norge - Statistics

General Stats
  • This quiz has been taken 1 966 times
    1 592 since last reset
  • The average score is 15 of 20
Answer Stats
km landet miles % Correct
110 Danmark 68
98%
0 Finland 0
98%
0 Sverige 0
98%
0 Russland 0
97%
327 Tyskland 203
96%
973 Island 604
88%
494 Nederland 307
88%
575 Polen 357
88%
599 Latvia 372
84%
554 Estland 344
83%
734 Belgia 456
82%
820 Frankrike 509
79%
645 Litauen 401
77%
847 Irland 526
73%
293 Storbritannia 182
66%
914 Hviterussland 568
53%
870 Luxembourg 541
53%
879 Tsjekkia 546
50%
579 Færøyene 360
34%
446 Grønland 277
26%
No matching quizzes found
Score Distribution
Percent of People with Each Score
Percentile by Number Answered
Your Score History
You have not taken this quiz since the last reset